Investičná pomoc podnikom na Slovensku podľa nových pravidiel

Zákon o regionálnej investičnej pomoci (č. 57/2018 Z. z.). Prijímateľ investičnej pomoci. Prioritné oblasti sektorovej špecializácie. Minimálne kritériá pre získanie investičnej pomoci. Oprávnené výdavky investičných zámerov. Formy a intenzita investičnej pomoci. Základné podmienky poskytnutia inves...

Ausführliche Beschreibung

Gespeichert in:
Bibliographische Detailangaben
1. Verfasser: Fiľa, Milan
Format: Buchkapitel
Sprache:Slowakisch
Schlagworte:
Tags: Tag hinzufügen
Keine Tags, Fügen Sie das erste Tag hinzu!

MARC

LEADER 00000naa a2200000 4500
001 0251302
005 20220314102908.9
041 0 |a slo 
044 |a SK 
245 1 0 |a Investičná pomoc podnikom na Slovensku podľa nových pravidiel  |c Milan Fiľa 
520 |a Zákon o regionálnej investičnej pomoci (č. 57/2018 Z. z.). Prijímateľ investičnej pomoci. Prioritné oblasti sektorovej špecializácie. Minimálne kritériá pre získanie investičnej pomoci. Oprávnené výdavky investičných zámerov. Formy a intenzita investičnej pomoci. Základné podmienky poskytnutia investičnej pomoci. Zhrnutie kľúčových zmien v investičnej pomoci na Slovensku. 
610 2 0 |a investície 
610 2 0 |a pomoc finančná 
610 2 0 |a legislatíva 
610 2 0 |a regióny 
610 2 0 |a výroba priemyselná 
610 2 0 |a služby podnikateľské 
610 2 0 |a úľavy daňové 
610 2 0 |a dotácie investičné 
610 2 0 |a príspevky štátne 
610 2 0 |a miesta pracovné 
610 2 0 |a Slovensko 
100 1 |a Fiľa, Milan